LEADER 01042cam2 22002891 450 001 SOBE00022330 005 20120210101552.0 100 $a20120210d1921 |||||ita|0103 ba 101 $aita 102 $aIT 200 0 $a2 210 $aLanciano$cCarabba Editori$d1921 215 $a154 p.$d17 cm 225 2 $aScrittori italiani e stranieri 410 1$1001SOBE00016605$12001 $a*Scrittori italiani e stranieri 461 1$1001SOBE00022322$12001 $a<>breviario d'un panteista e il pessimismo eroico / di Jean Lahor ; traduzione di G. V. Callegari 700 1$aLahor$b, Jean$3SOBA00002785$4070$0179327 702 1$aCallegari, Guido Valeriano$3SOBA00002783$4070 801 0$aIT$bUNISOB$c20120210$gRICA 850 $aUNISOB 852 $aUNISOB$j000|Coll|55|K$m87750 912 $aSOBE00022330 940 $aM 102 Monografia moderna SBN 941 $aW 957 $a000|Coll|55|K$b000031$i-2$gSI$d87750$racquisto$tI$1vittorini$2UNISOB$3UNISOB$420120210101425.0$520120323125721.0$6vittorini 996 $a2$91718977 997 $aUNISOB LEADER 01110nam0 22002891i 450 001 UON00253956 005 20231205103641.221 010 $a20-7074-929-0 100 $a20040607d1997 |0itac50 ba 101 $afre 102 $aFR 105 $a|||| ||||| 200 1 $aˆLa ‰droite révolutionnaire, 1885-1914$eles origines françaises du fascisme$fZeev Sternhell 210 $aParis$cGallimard$d1997 215 $aLXXXIII, 602 p.$d18 cm. 410 1$1001UON00168899$12001 $aFolio/histoire$v85 606 $aFASCISMO$xFrancia$x1885-1914$3UONC054328$2FI 620 $aFR$dParis$3UONL002984 676 $a320.5330944$cFASCISMO. Francia$v20 700 1$aSTERNHELL$bZeev$3UONV149022$0134287 712 $aGallimard$3UONV246610$4650 801 $aIT$bSOL$c20240220$gRICA 899 $aSIBA - SISTEMA BIBLIOTECARIO DI ATENEO$2UONSI 912 $aUON00253956 950 $aSIBA - SISTEMA BIBLIOTECARIO DI ATENEO$dSI FS 02167 $eSI FP 17515 7 996 $aDroite révolutionnaire, 1885-1914$9193152 997 $aUNIOR